| 000 | 00813nac a22002775a 4500 | ||
|---|---|---|---|
| 008 | 090216t2007 us a|||| b||| 001 0 eng d | ||
| 020 | _a9781416029731 | ||
| 020 | _a1416029737 | ||
| 020 | _a0808923664 | ||
| 040 |
_aEG-Sc BUE _beng _cEG-Sc BUE |
||
| 082 | 0 | 4 |
_a616.07 _bKUM _222 |
| 100 |
_aKumar,Vinay. _93833 |
||
| 245 | 0 |
_aRobins Basic Pathology / _cVinay Kumar ...[et. al.]. |
|
| 250 | _a8th ed. | ||
| 260 |
_aphiladelphia: _bSaunders, _cc.2007. |
||
| 300 |
_axiv, 946 p. : _bill. (some col) ; _c25 cm. |
||
| 490 | _aRobins Pathology Serial. | ||
| 500 | _aIndex : p. 903-946. | ||
| 504 | _aBibliography : p. 902. | ||
| 590 | _adoha | ||
| 650 |
_aPathology _2BUEsh |
||
| 651 | _2BUEsh | ||
| 653 | _cAugust2015 | ||
| 700 |
_tKumar,Vinay. _93833 |
||
| 942 |
_cBB _k616.07KUM NR _2ddc |
||
| 999 |
_c10845 _d10845 |
||